Taylor Swift - Track 13 - Statistiques

Statistiques générales
  • Ce quiz a été pris 59 fois
    46 depuis la dernière actualisation
  • Le résultat moyen est 9 sur 11
Statistiques - réponses
Hint Réponse % Correct
folklore epiphany
90%
The Tortured Poets Department I Can Do It With a Broken Heart
90%
evermore marjorie
90%
Midnights Mastermind
90%
Reputation This Is Why We Can't Have Nice Things
90%
Lover False God
86%
Taylor Swift Invisible
86%
Fearless (Taylor's Version) Change
79%
1989 (Taylor's Version) Clean
79%
Speak Now (Taylor's Version) Last Kiss
76%
Red (Taylor's Version) The Lucky One
76%
Aucun quiz correspondant
Distribution des résultats
% des personnes avec chaque résultat
Percentile par nombre de réponses
Votre historique - résultats
Vous n’avez pas pris ce quiz depuis la dernière actualisation